[Event "Treviso TWE op-B 30th"]
[Site "Treviso"]
[Date "2006.12.08"]
[Round "1.12"]
[White "Dalle Fusine, Antonio"]
[Black "De Gregoris, Piero"]
[Result "0-1"]
[WhiteElo "1440"]
[BlackElo "1646"]
[PlyCount "98"]
[EventDate "2006.12.08"]
[EventType "swiss"]
[EventRounds "5"]
[EventCountry "ITA"]
[SourceTitle "EXT 2024"]
[Source "ChessBase"]
[SourceDate "2023.10.10"]
[SourceVersion "1"]
[SourceVersionDate "2023.10.10"]
[SourceQuality "1"]

1. e4 d5 2. exd5 Qxd5 3. Nf3 Nf6 4. Be2 Bf5 5. d3 e6 6. Bd2 Bd6 7. c4 Qc6 8. 0-0 Nbd7 9. Bc3 Bg6 10. Nbd2 Nc5 11. Nh4 Bxd3 12. Bxd3 Nxd3 13. b3 Ne4 14. Qf3 Nxc3 15. Qxd3 Be5 16. Rfc1 Rd8 17. Qe3 Bd4 18. Qe1 Bf6 19. Nhf3 0-0 20. Nf1 Qe4 21. Rxc3 Qxe1 22. Rxe1 Bxc3 23. Re2 Rd1 24. g3 Rfd8 25. Kg2 h6 26. Rc2 Bf6 27. N1d2 Rd3 28. Ne4 Be7 29. Rb2 Bb4 30. Rc2 f5 31. a3 fxe4 32. Ne5 R3d2 33. Rxd2 Bxd2 34. Ng4 Bc1 35. a4 Rd3 36. Kf1 Rxb3 37. Ke2 Rb4 38. Ne5 Rxa4 39. f3 exf3+ 40. Kxf3 Bb2 41. Ng4 Rxc4 42. h4 a5 43. Ne3 Rc3 44. Ke2 a4 45. Nd1 Rc2+ 46. Kd3 Rg2 47. Nxb2 Rxb2 48. Ke3 a3 49. Kf4 a2 0-1